ਦਸ ਦਿਸ਼ਾਵਾਂ : (Record no. 110140)
[ view plain ]
| 000 -LEADER | |
|---|---|
| fixed length control field | 01000nam a22002537a 4500 |
| 005 - DATE AND TIME OF LATEST TRANSACTION | |
| control field | 20170123164148.0 |
| 010 ## - LIBRARY OF CONGRESS CONTROL NUMBER | |
| LC control number | B-124397 |
| 020 ## - INTERNATIONAL STANDARD BOOK NUMBER | |
| Terms of availability | 150.00 |
| 035 ## - SYSTEM CONTROL NUMBER | |
| System control number | B-124397 |
| 037 ## - SOURCE OF ACQUISITION | |
| Source of stock number/acquisition | Cen Lib/Ret |
| 040 ## - CATALOGING SOURCE | |
| Original cataloging agency | DPL |
| Language of cataloging | PN |
| 082 ## - DEWEY DECIMAL CLASSIFICATION NUMBER | |
| Classification number | ਕ |
| Item number | ਰਜਨੀ |
| 100 ## - MAIN ENTRY--PERSONAL NAME | |
| Personal name | ਰਜਨੀਸ਼ ਬਾਹਦਰ ਸਿੰਘ |
| 9 (RLIN) | 4285 |
| 245 ## - TITLE STATEMENT | |
| Title | ਦਸ ਦਿਸ਼ਾਵਾਂ : |
| Statement of responsibility, etc | ਰਜਨੀਸ਼ ਬਾਹਦਰ ਸਿੰਘ |
| Remainder of title | ਕਹਾਨੀ ਸੰਗ੍ਰਹਿ / |
| 246 ## - VARYING FORM OF TITLE | |
| Title proper/short title | Das dishawan : selected short stories / |
| Remainder of title | edited by Rajnish Bahadur Singh |
| 260 ## - PUBLICATION, DISTRIBUTION, ETC. (IMPRINT) | |
| Place of publication, distribution, etc | ਲੁਧਿਆਣਾ |
| Name of publisher, distributor, etc | ਚੇਤਨਾ ਪ੍ਰਕਾਸ਼ਨ |
| Date of publication, distribution, etc | 2005 |
| 270 ## - ADDRESS | |
| Address | ਪੰਜਾਬੀ ਭਵਨ |
| City | ਲੁਧਿਆਣਾ |
| Postal code | 110006 |
| 300 ## - PHYSICAL DESCRIPTION | |
| Extent | 182p ; |
| Dimensions | 20cm |
| 650 ## - SUBJECT ADDED ENTRY--TOPICAL TERM | |
| Topical term or geographic name as entry element | ਪੰਜਾਬੀ ਕਹਾਣੀਆ |
| 9 (RLIN) | 123660 |
| 650 ## - SUBJECT ADDED ENTRY--TOPICAL TERM | |
| Topical term or geographic name as entry element | ਸਾਹਿਤ -- ਪੰਜਾਬੀ |
| 9 (RLIN) | 123661 |
| 650 ## - SUBJECT ADDED ENTRY--TOPICAL TERM | |
| Topical term or geographic name as entry element | Punjabi - literature |
| 9 (RLIN) | 781 |
| 650 ## - SUBJECT ADDED ENTRY--TOPICAL TERM | |
| Topical term or geographic name as entry element | Punjabi -- story |
| 9 (RLIN) | 123662 |
| 942 ## - ADDED ENTRY ELEMENTS (KOHA) | |
| Source of classification or shelving scheme | Dewey Decimal Classification |
| Koha item type | Punjabi Bks |
| Classification part | ਕ |
| Call number suffix | ਰਜਨੀ |
| Withdrawn status | Lost status | Damaged status | Not for loan | Home library | Current library | Date acquired | Source of acquisition | Cost, normal purchase price | Total Checkouts | Full call number | Barcode | Date last seen | Copy number | Cost, replacement price | Price effective from | Koha item type |
|---|---|---|---|---|---|---|---|---|---|---|---|---|---|---|---|---|
| Central Library | Central Library | 14/01/2016 | Cen Lib/Ret | 150.00 | ਕ ਰਜਨੀ | B-124397 | 14/01/2016 | 1 | 150.00 | 14/01/2016 | Punjabi Bks |
